Asymptotic behavior of dynamical systems in fluid mechanics /
Guardado en:
| Autor Principal: | |
|---|---|
| Otros Autores: | |
| Formato: | Libro |
| Idioma: | English |
| Publicado: |
Springfield, Mo. :
American Institute of Mathematical Sciences,
c2010.
|
| Series: | AIMS series on applied mathematics ;
v. 4 |
| Materias: | |
| Etiquetas: |
Agregar Etiqueta
Sin Etiquetas, Sea el primero en etiquetar este registro!
|
| LEADER | 00962cam a2200265 a 4500 | ||
|---|---|---|---|
| 001 | MAT.inmabb006859 | ||
| 008 | 100920s2010####mou######b####000#1#eng## | ||
| 005 | 20150629182406.0 | ||
| 245 | 1 | 0 | |a Asymptotic behavior of dynamical systems in fluid mechanics / |c Eduard Feireisl and Dalibor Prazák. |
| 260 | |a Springfield, Mo. : |b American Institute of Mathematical Sciences, |c c2010. | ||
| 300 | |a xii, 298 p. ; |c 25 cm. | ||
| 490 | 0 | |a AIMS series on applied mathematics ; |v v. 4 | |
| 504 | |a Incluye referencias bibliográficas (p. [285]-293) e índice. | ||
| 510 | 4 | |a MR, |c 2011h:35220 | |
| 020 | |a 9781601330031 | ||
| 020 | |a 1601330030 | ||
| 100 | 1 | |a Feireisl, Eduard. | |
| 700 | 1 | |a Prazák, Dalibor. | |
| 650 | 0 | |a Fluid mechanics |x Mathematics. | |
| 650 | 0 | |a Differentiable dynamical systems. | |
| 650 | 0 | |a Viscous flow. | |
| 084 | |a 35Q35 (35B40 35B41 37L30 37N10) |2 msc2010 | ||
| 010 | |a 2010484023 | ||
| 040 | |a DLC |c DLC | ||
| 859 | |h 35 |i F299 |p A-8929 |b BIB. MATEMATICA | ||
